| 000 | 00689nam a22001337a 4500 | ||
|---|---|---|---|
| 040 | _cRUA | ||
| 082 | _aLMA SOL 2024 B1-398 Or.1 | ||
| 100 | _aSOL RATHAKAN សូល រតកាន | ||
| 245 | _aSTUDY ON THE TRANSFER OF REAL ESTATE AUTHORITY IN CHAMBAK COMMUNE, BATI DISTRICT, TAKEO PROVINCE សិក្សាអំពីការផ្ទេរសិទ្ធីកាន់កាប់អចលនវត្ថុនៅឃុំចំបក់ ស្រុកបាទី ខេត្តតាកែវ | ||
| 260 |
_aRUA _bPHNOM PENH _c2024 |
||
| 300 |
_aix _bill _c29cm |
||
| 856 | _uhttps://drive.google.com/file/d/1VUlruXTmaKsYjT_Bh0eSVbqcOwc50Hrw/view?usp=sharing | ||
| 942 | _cLMA | ||
| 999 |
_c24911 _d24911 |
||